[Event "NOR-ch U14"]
[Site "Bergen"]
[Date "2015.11.??"]
[Round "5"]
[White "Tondel, Richard Birkeland"]
[Black "Gaure, Sigurd Lauvas"]
[Result "0-1"]
[WhiteElo "986"]
[BlackElo "1083"]
[PlyCount "42"]
[EventDate "2015.11.13"]
[EventType "swiss"]
[EventRounds "7"]
[EventCountry "NOR"]
[SourceTitle "EXT 2024"]
[Source "ChessBase"]
[SourceDate "2023.10.10"]
[SourceVersion "1"]
[SourceVersionDate "2023.10.10"]
[SourceQuality "1"]

1. e4 c5 2. Nf3 d6 3. d4 cxd4 4. Nxd4 Nf6 5. Nc3 g6 6. Bg5 Bg7 7. Qd2 h6 8. Be3 Ng4 9. 0-0-0 Nxe3 10. Qxe3 h5 11. Kb1 Nc6 12. Nb3 a5 13. Bb5 Bd7 14. a4 Na7 15. Bxd7+ Qxd7 16. Nxa5 Nb5 17. Nxb5 Rxa5 18. b3 Qxb5 19. Ka2 0-0 20. Qf3 Rxa4+ 21. Kb1 Ra1# 0-1